000 01210nam0a22002651 4500
001 rc\4349318
005 20130416135423.9
021 _aRU
_b[60-23541]
035 _a(NLR Aleph) 008528714
090 _a8274286
_c8274286
100 _a20130416d1960 |||y0rusy50 ca
101 0 _arus
102 _aRU
105 _aa z |||||
200 1 _aОпыт многолетней работы на одноковшовом экскаваторе
_fАкад. строительства и архитектуры СССР. Науч.-исслед. ин-т организации, механизации и техн. помощи строительству. БТИ
210 _aМосква
_cГосстройиздат
_d1960
215 _a22 с.
_cил.
_d22
300 _aАвт. указан на обороте тит. л.: И.П. Гвоздик, машинист экскаватора Э-651 № 1079 Треста механизации Мосгорисполкома
606 _aЭкскаваторные работы
_2psbo
700 1 _aГвоздик
_bИ. П.
_gИван Петрович
801 0 _aRU
_bNLR
_gpsbo
801 1 _aRU
_bELAR
_2rusmarc
852 _aNLR
_j60-6/2632
942 _cBOOK
980 _aNB